000 00827nas a2200277 4500
001 BR0900314
003 BR-BrBNA
005 20231205113036.0
007 ta
008 230509b bl.|||p| |||| 00| 00por d
040 _aBR-BrBNA
_bpor
_cBiblioteca Nacional de Agricultura
041 _a(Pt)
072 _aF04
100 1 _aSilva, I.S. da
100 1 _aBohnen, H.
100 1 _aMarcolin, E.
100 1 _aMacedo, V.R.
100 1 _aPocojeski, E.
245 1 _aResposta a dose de nitrogênio e avaliação do estado nutricional do arroz irrigado.
650 _aARROZ
650 _aNUTRIÇÃO
650 _aNITROGÊNIO
773 0 _tRevista Brasileira de Agrociência (Brazil)
_xISSN 0104-8996
_g(Apr-Jun 2007), v. 13(2) p. 189-194
_wBR0900314
909 _a202311
_bLúcia
_c55
_dLúcia Elande
942 _2AGRIS
_n0
_cANA
999 _c201492
_d201492